Deutschland A-Z - Statistiken

Allgemein
  • Dieses Quiz wurde 46.791 mal gespielt
    33.053 seit der letzten Aktualisierung
  • Das Durchschnittsergebnis liegt bei 21 aus 26
Antwortstatistiken
Hinweis Antwort % Korrekt
G Was Sie sagen, wenn jemand niest Gesundheit!
97%
A Deutsches Schnellstraßennetz Autobahn
96%
D Zweitlängster Fluss Europas Donau
96%
C Konservative Volkspartei CDU
95%
F Finanzhauptstadt Deutschlands Frankfurt am Main
95%
O Bayrisches Herbstfest Oktoberfest
95%
M Wo BMW sein Hauptquartier hat München
93%
V Größter Autohersteller Volkswagen
93%
H Zugelassene Bierzutat Hopfen / Hefe
92%
L Größte Fluggesellschaft Lufthansa
92%
Z Höchster Berg Zugspitze
92%
B Hauptstadt vor der Wiedervereinigung Bonn
90%
J Vorname des Verfassers von Faust Johann
86%
Y Medium, durch welches Gronkh oder Julien Bam berühmt wurden YouTube
86%
Q Max Planck gilt als Begründer dieser Wissenschaft {Quanten}physik
83%
I Fehmarn, Poel oder Usedom Inseln
78%
P Dominierender Gliedstaat im Deutschen Kaiserreich Preußen
78%
N Ausgestorbener Verwandter des Menschen, in Deutschland entdeckt Neandertaler
77%
E Konzerthaus und Wahrzeichen Hamburgs Elbphilharmonie
73%
W Namensgeber einer kurzlebigen Republik der Zwischenkriegszeit Weimar
73%
S Konservierter Kohl; Nationalgericht Sauerkraut
71%
T Zweitgrößte ethnische Gruppe Türken
70%
K Sitz des Bundesgerichtshofs Karlsruhe
67%
U Heidelberg hat eine der ältesten ... Europas Universitäten
65%
R Sitz des Parlamentes Reichstag
58%
X Einzige deutsche Stadt mit Anfangsbuchstaben X Xanten
54%
Keine übereinstimmenden Quizze gefunden
Verteilung der Resultate
Anzahl Personen mit jedem Resultat
Perzentil nach korrekt beantworteten Fragen
Ihre Resultats-Entwicklung
Sie haben dieses Quiz seit der letzten Aktualisierung nicht gespielt